1328 1283 1806 1223 1981 1418 1270 1299 1202 1747 1661 1385 1782 1963 1733 1995 1977 1568 1432 1932 1637 1115 1149 1144 1924 1699 1213 1115 1670 1291 1693 1463 1563 1451 1822 1406 1731 1365 1937 1233 1402 1443 1015 1611 1637 1087 1187 1999 1581 1744 1831 1862 1672 1443 1737 1468 1608 1754 1471 1308 1267 1436 1946 1204 1884 1930 1098 1277 1017 1379 1395 1893 1760 1626 1011 1337 1329 1733 1208 1802 1885 1807 1522 1755 1804 1293 1982 1202 1834 1971 1763 1123 1080 1367 1793 1381 1901 1661 1272 BCNSPRNW ULIB Ver.6.0+V

เปลี่ยนเป็นภาษาไทย

Change to English
 แสดงรายละเอียดบรรณานุกรม
  กลับหน้าหลัก

Brief Record : Get Marc (ISO 2709) : E-mail record : QR code < ปิดหน้าต่าง
LEADER : 00000nam 2200000uu 4500
001    13399120556
003     ULIB
008    120927s2548||||th 000 0 tha d
020    ^a9741335113
060 04 ^aWY105^bก446 2548
245 00 ^aการจัดการทางการพยาบาลเพื่อความปลอดภัย /^cเพ็ญจันทร์แสนประสาน ... [และคนอื่นๆ]
250    ^aพิมพ์ครั้งที่ 2
260    ^aกรุงเทพฯ :^bสุขุมวิทการพิมพ์,^c2548
300    ^aก-ข, 318 หน้า :^bภาพประกอบ ;^c26 ซม.
650  7 ^aการพยาบาล
650  7 ^aประกันคุณภาพ
700 0  ^aเพ็ญจันทร์ แสนประสาน
945    ^p250^l0^i24049
945    ^p250^l0^i24075
945    ^p250^l0^i24050
995    ^aวิภา
999 ^a ใช้งานได้ทุกระบบ
รายการนี้ยังไม่มีแท็ก
คุณยังไม่ได้ล็อกอิน คุณสามารถมีกิจกรรมร่วมกับเว็บไซต์ได้ แต่ต้องล็อกอินก่อน ::
  ล็อกอิน

รายการสื่อสารสนเทศ

ลำดับที่ ประเภท เลขเรียก/บาร์โค้ด สถานที่ สถานะ
1. วิทยาศาสตร์การแพทย์ และสุขภาพ
วิทยาศาสตร์การแพทย์ และสุขภาพ
WY105 ก446 2548  
  Barcode: 24049
ห้องสมุดวิทยาเขตสวรรค์ประชารักษ์
►หนังสือทั่วไป
บนชั้น
2. วิทยาศาสตร์การแพทย์ และสุขภาพ
วิทยาศาสตร์การแพทย์ และสุขภาพ
WY105 ก446 2548 ฉ.2 
  Barcode: 24075
ห้องสมุดวิทยาเขตสวรรค์ประชารักษ์
►หนังสือทั่วไป
ถูกยืม กำหนดส่งวันที่ 11 พฤษภาคม 2558
  จอง
3. วิทยาศาสตร์การแพทย์ และสุขภาพ
วิทยาศาสตร์การแพทย์ และสุขภาพ
WY105 ก446 2548 ฉ.3 
  Barcode: 24050
ห้องสมุดวิทยาเขตสวรรค์ประชารักษ์
►หนังสือทั่วไป
ถูกยืม กำหนดส่งวันที่ 11 พฤษภาคม 2558
  จอง

รายการใกล้เคียง
    หัวเรื่อง [การพยาบาล]
    หัวเรื่อง [ประกันคุณภาพ]

BibComment


ยังไม่เคยถูกคอมเมนท์

คอมเมนท์ทรัพยากรรายการนี้
  คอมเมนท์: การจัดการทางการพ..


 Copyright 2026. Bcnsprnw @Library